000
00291nam a22001217a 4500
008
170328b xxu||||| |||| 00| 0 eng d
041
_a
eng
080
_2
3 ED
_a
796.3
100
_a
8
101
_a
SHM
245
_a
TEACHIINF GUES FOR SPORT SKILLS FOR SECONDARY
_c
FRONSKE.H
942
_2
udc
_c
BK
999
_c
8820
_d
8820